The annotated statutes of Malaysia

Bibliographic Details
Format: Book
Published: Kuala Lumpur : Malayan Law Journal , 1995-
Subjects:

MARC

LEADER 00000cam a2200000 7i4500
001 0000021189
005 20071122093000.0
008 021119s1995
020 |a 0409997188 
090 0 0 |a KM3985   |b M3 (A) 
245 0 4 |a The annotated statutes of Malaysia 
260 2 |a Kuala Lumpur :   |b Malayan Law Journal ,   |c 1995- 
300 |a 5 v. ;   |c 25 cm. 
362 |a 1995- 
650 0 |a Law   |z Malaysia   |x Interpretation and construction   |v Periodicals 
999 |a 1000045600   |b Legislations   |c Reference   |e Gong Badak Campus 
999 |a 1000045601   |b Legislations   |c Reference   |e Gong Badak Campus 
999 |a 1000045602   |b Legislations   |c Reference   |e Gong Badak Campus 
999 |a 1000045603   |b Legislations   |c Reference   |e Gong Badak Campus 
999 |a 1000045604   |b Legislations   |c Reference   |e Gong Badak Campus 
999 |a 1000045605   |b Legislations   |c Reference   |e Gong Badak Campus 
999 |a 1000045606   |b Legislations   |c Reference   |e Gong Badak Campus 
999 |a 1000045607   |b Legislations   |c Reference   |e Gong Badak Campus 
999 |a 1000130674   |b Legislations   |c Reference   |e Gong Badak Campus 
999 |a 1000130675   |b Legislations   |c Reference   |e Gong Badak Campus 
999 |a 1000130676   |b Legislations   |c Reference   |e Gong Badak Campus 
999 |a 1000130677   |b Legislations   |c Reference   |e Gong Badak Campus 
999 |a 1000130678   |b Legislations   |c Reference   |e Gong Badak Campus 
999 |a 1000130679   |b Legislations   |c Reference   |e Gong Badak Campus 
999 |a 1000130680   |b Legislations   |c Reference   |e Gong Badak Campus 
999 |a 1000130681   |b Legislations   |c Reference   |e Gong Badak Campus 
999 |a 1000130682   |b Legislations   |c Reference   |e Gong Badak Campus 
999 |a 1000130683   |b Legislations   |c Reference   |e Gong Badak Campus 
999 |a 1000130684   |b Legislations   |c Reference   |e Gong Badak Campus 
999 |a 1000130685   |b Legislations   |c Reference   |e Gong Badak Campus